000
00328 a2200145 4500
001
169524
020
_a
040
_c
Magnum
100
_a
Sergiovanni, Thomas J.
240
1
0
_a
Novos padroes de supervisao escolar
_l
por
245
1
0
_a
Novos padroes de supervisao escolar
362
0
_a
1899
697
_a
ENSINO
942
_c
BK
999
_c
169524
_d
169524